书目信息 |
| 题名: |
液压与气压传动综合实验
|
|
| 作者: | 杜玉红 , 杨文志 主编 | |
| 分册: | ||
| 出版信息: | 武汉 华中科技大学出版社 2009.02 |
|
| 页数: | 140页 | |
| 开本: | 26cm | |
| 丛书名: | ||
| 单 册: | ||
| 中图分类: | TH137-33 , TH138-33 | |
| 科图分类: | ||
| 主题词: | 液压传动--ye ya chuan dong--实验--高等学校--教学参考资料 , 气压传动--qi ya chuan dong--实验--高等学校--教学参考资料 | |
| 电子资源: | ||
| ISBN: | 978-7-5609-4977-2 | |
| 000 | 01089nam0 2200289 450 | |
| 001 | 012009418912 | |
| 005 | 20090624093546.42 | |
| 010 | @a978-7-5609-4977-2@dCNY15.80 | |
| 100 | @a20090624d2009 em y0chi0120 ea | |
| 101 | 0 | @achi |
| 102 | @aCN@b420000 | |
| 105 | @aak a 000yy | |
| 106 | @ar | |
| 200 | 1 | @a液压与气压传动综合实验@Aye ya yu qi ya chuan dong zong he shi yan@f杜玉红, 杨文志主编@Fdu yu hong,yang wen zhi zhu bian |
| 210 | @a武汉@c华中科技大学出版社@d2009.02 | |
| 215 | @a140页@c图@d26cm | |
| 300 | @a普通高等院校“十一五”规划教材, 普通高等院校机械类精品教材 | |
| 320 | @a有书目 (第140页) | |
| 330 | @a本书主要内容包括:液压元件拆装和分析,液压元件性能分析,液压控制基本回路,气压传动与控制,教学实验台介绍。 | |
| 606 | 0 | @a液压传动@Aye ya chuan dong@x实验@x高等学校@j教学参考资料 |
| 606 | 0 | @a气压传动@Aqi ya chuan dong@x实验@x高等学校@j教学参考资料 |
| 690 | @aTH137-33@v4 | |
| 690 | @aTH138-33@v4 | |
| 701 | 0 | @a杜玉红@Adu yu hong@4主编 |
| 701 | 0 | @a杨文志@Ayang wen zhi@4主编 |
| 801 | 0 | @aCN@bQSSK@c20090624 |
| 905 | @b749205-07@dTH137-33@eD882@f3 | |
| 液压与气压传动综合实验/杜玉红, 杨文志主编.-武汉:华中科技大学出版社,2009.02 |
| 140页:图;26cm |
| 普通高等院校“十一五”规划教材, 普通高等院校机械类精品教材 |
| ISBN 978-7-5609-4977-2:CNY15.80 |
| 本书主要内容包括:液压元件拆装和分析,液压元件性能分析,液压控制基本回路,气压传动与控制,教学实验台介绍。 |
| ● |
| 相关链接 |
|
|
|
正题名:液压与气压传动综合实验
索取号:TH137-33/D882
 
预约/预借
| 序号 | 登录号 | 条形码 | 馆藏地/架位号 | 状态 | 备注 |
| 1 | 749205 | 207492051 | 自科库501/501自科库 37排4列4层/ [索取号:TH137-33/D882] | 在馆 | |
| 2 | 749206 | 207492060 | 自科二线504/504自科库 13排4列4层/ [索取号:TH137-33/D882] | 在馆 | |
| 3 | 749207 | 207492079 | 自科库501/501自科库 37排4列4层/ [索取号:TH137-33/D882] | 在馆 |